000 00741nam a22002297a 4500
999 _c20749
_d20749
003 AR-CdUCM
008 190429b ||||| |||| 00| 0 eng d
020 _a9972691292
040 _aMUNICIPALIDAD PROVINCIAL DEL CUSCO
_cBIBLIOTECA MUNICIPAL DEL CUSCO
082 _a985.612 /
_bN79
100 _aNonis, Christian
_943324
245 _aCusco:
_bLand of the Incas guide /
260 _aCusco :
_bBartolomé de las casas,
_c2002.
300 _a166 páginas ;
_bfotografías, mapas
_c26 cm.
500 _aTexto en Ingles.
505 _aContenido : The Inca culture -- Guide to Cusco -- Past and present...
650 _aGuide to Cusco
_943325
650 _aMaps
_943326
650 _aCulture
_943327
942 _2ddc
_cLIBROS
945 _arcc